| 000 | 01082cam a22002413a 4500 | ||
|---|---|---|---|
| 001 | 14844 | ||
| 003 | PGUSA | ||
| 005 | 20140828083322.0 | ||
| 008 | 050131s2005||||xxu|||||s|||||000 | eng d | ||
| 040 |
_aPGUSA _beng |
||
| 042 | _adc | ||
| 050 | 4 | _aPZ | |
| 100 | 1 |
_aLynde, Francis, _d1856-1930 |
|
| 245 | 1 | 4 |
_aThe Taming of Red Butte Western _h[electronic resource] / _cFrancis Lynde |
| 260 |
_bProject Gutenberg, _c2005 |
||
| 505 | 0 | _aCollars-and-Cuffs -- The Red Desert -- A Little Brother of the Cows -- At the Rio Gloria -- The Outlaws -- Everyman's Share -- The Killer -- Benson's Bridge-Timbers -- Judson's Joke -- Flemister and Others -- Nemesis -- The Pleasurers -- Bitter-Sweet -- Blind Signals -- Eleanor Intervenes -- The Shadowgraph -- The Dipsomaniac -- At Silver Switch -- The Challenge -- Storm Signals -- The Boss Machinist -- The Terror -- The Crucible | |
| 506 | _aPublic domain in the USA. | ||
| 516 | _aElectronic text | ||
| 653 | _aWestern stories | ||
| 830 | 0 |
_aProject Gutenberg _v14844 |
|
| 856 | 4 | 0 | _uhttp://www.gutenberg.org/ebooks/14844 |
| 942 | _cEB | ||
| 999 |
_c244099 _d244099 |
||